[Event "Pforzheim2"]
[Site "Pforzheim"]
[Date "2005.10.29"]
[Round "1"]
[White "Gremmelmaier, Thomas"]
[Black "Tiemann, Christoph"]
[Result "1/2-1/2"]
[WhiteElo "1081"]
[BlackElo "1166"]
[PlyCount "35"]
[EventDate "2005.10.29"]
[EventType "tourn"]
[EventRounds "9"]
[EventCountry "GER"]
[SourceTitle "EXT 2007"]
[Source "ChessBase"]
[SourceDate "2006.11.23"]
[SourceVersion "1"]
[SourceVersionDate "2006.11.23"]
[SourceQuality "1"]

1. e4 c5 2. d3 Nc6 3. Nf3 Nf6 4. Nc3 e5 5. Be2 Be7 6. 0-0 0-0 7. Bg5 d6 8. h3 Be6 9. Bxf6 Bxf6 10. Nd5 Bxd5 11. exd5 Nb4 12. c4 Na6 13. Qd2 Nc7 14. Rac1 a6 15. b3 b5 16. a3 Qd7 17. b4 Qe7 18. Rc2 1/2-1/2

[Event "Pforzheim2"]
[Site "Pforzheim"]
[Date "2005.10.29"]
[Round "2"]
[White "Waidelich, Dominik"]
[Black "Gremmelmaier, Thomas"]
[Result "1/2-1/2"]
[WhiteElo "1463"]
[BlackElo "1081"]
[PlyCount "53"]
[EventDate "2005.10.29"]
[EventType "tourn"]
[EventRounds "9"]
[EventCountry "GER"]
[SourceTitle "EXT 2007"]
[Source "ChessBase"]
[SourceDate "2006.11.23"]
[SourceVersion "1"]
[SourceVersionDate "2006.11.23"]
[SourceQuality "1"]

1. e4 e5 2. Nf3 Nc6 3. Nc3 Nf6 4. d4 d6 5. Bb5 a6 6. Ba4 b5 7. Bb3 Bg4 8. h3 Bh5 9. dxe5 Nxe5 10. g4 Nxf3+ 11. Qxf3 Bg6 12. Bg5 Be7 13. 0-0-0 0-0 14. h4 h6 15. Bf4 Qe8 16. g5 Bh5 17. Qg2 Bxd1 18. gxf6 Bxf6 19. Kxd1 Kh8 20. Nd5 Qd8 21. Bg5 Rg8 22. Bxf6 gxf6 23. Qf3 c5 24. c3 Rg6 25. h5 Rg7 26. Qxf6 Qxf6 27. Nxf6 1/2-1/2